Prc̀tico Derecho Laboral Colectivo

Bibliographic Details
Main Author: Camacho Ramr̕ez, Adriana
Other Authors: Rodrg̕uez Ronderos, Mn̤ica Patricia
Format: eBook
Language:Spanish
Subjects:
Online Access:Acceso restringido

MARC

LEADER 00000nam a22000007a 4500
005 20190730225433.0
007 cr|||| ||||
008 190730c20159999co k||wos|||| 0|||b1spa d
035 |a 12736 
040 |a vLex 
090 |c 9082  |d 9082 
100 1 |a Camacho Ramr̕ez, Adriana 
245 1 0 |a Prc̀tico Derecho Laboral Colectivo  |h [Recurso electrn̤ico] /  |c Adriana Camacho Ramr̕ez, Mn̤ica Patricia Rodrg̕uez Ronderos 
256 |a Servicio en ln̕ea 
300 |a 1 recurso electrn̤ico 
310 |a Actualizado continuamente 
500 |a En el Practico de Derecho Colectivo del Trabajo estǹ contenidas las instituciones esenciales de esta rama del derecho, as ̕como el marco jurd̕ico bs̀ico dentro del cual se deben desarrollar las relaciones laborales colectivas entre el empleador y sus trabajadores y sindicatos. De esta manera Usted tendr ̀las herramientas fundamentales para lograr una adecuada interaccin̤ con el colectivo de sus trabajadores. 
506 1 |a Disponible solo en los productos indicados  |d vLex Global  |d vLex Global (Academic Edition, excluding Law Schools)  |d vLex Global (U.S. Academic Edition, Law Schools)  |d vLex Global (U.S. Academic Edition, excluding Law Schools)  |d vLex Global (Academic Edition, Law Schools) 
650 0 4 |a Derecho Sindical  |z Colombia 
700 1 |a Rodrg̕uez Ronderos, Mn̤ica Patricia 
740 0 |a Prc̀ticos vLex (servicio en ln̕ea) 
856 4 0 |u http://vlex.com/source/12736  |z Acceso restringido 
942 |c REV 
999 0 |a Trade Union Law